|
|
|
|
| LEADER |
01646cas a2200241 a 4500 |
| 001 |
AALejournalIMF007696 |
| 008 |
230101c9999 xx r poo 0 0eng d |
| 020 |
|
|
|c 5.00 USD
|
| 020 |
|
|
|z 9781451816792
|
| 022 |
|
|
|a 1934-7685
|
| 040 |
|
|
|a BD-DhAAL
|c BD-DhAAL
|
| 110 |
2 |
|
|a International Monetary Fund.
|
| 245 |
1 |
0 |
|a United Kingdom :
|b Hong Kong; Recent Economic Developments.
|
| 264 |
|
1 |
|a Washington, D.C. :
|b International Monetary Fund,
|c 1996.
|
| 300 |
|
|
|a 1 online resource (132 pages)
|
| 490 |
1 |
|
|a IMF Staff Country Reports
|
| 500 |
|
|
|a <strong>Off-Campus Access:</strong> No User ID or Password Required
|
| 500 |
|
|
|a <strong>On-Campus Access:</strong> No User ID or Password Required
|
| 506 |
|
|
|a Electronic access restricted to authorized BRAC University faculty, staff and students
|
| 520 |
3 |
|
|a This paper reviews economic developments in the United Kingdom-Hong Kong during 1990, focusing on the expansion and the subsequent slowing in domestic demand in the 1990s, against the background of the export-driven growth in the second half of the 1980s. Developments in aggregate demand and supply, labor and property markets, and inflation and competitiveness are analyzed. The paper reviews budgetary developments, discusses issues in the structure of revenue and expenditure, and describes the proposed Mandatory Provident Fund scheme. Monetary and exchange rate developments are also analyzed.
|
| 538 |
|
|
|a Mode of access: Internet
|
| 830 |
|
0 |
|a IMF Staff Country Reports; Country Report ;
|v No. 1996/029
|
| 856 |
4 |
0 |
|z Full text available on IMF
|u http://elibrary.imf.org/view/journals/002/1996/029/002.1996.issue-029-en.xml
|z IMF e-Library
|